000 00646nab a2200193 4500
001 244442
003 OSt
005 20231108085420.0
007 tu
008 200917s2020|||||||
040 _aDE-2950
_cDE-2950
245 0 0 _aMehr Lohn gefordert
_bAusstand. Erneut hat die Gewerkschaft Verdi zu Arbeitsniederlegungen im Einzelhandel aufgerufen. Auch in Frankfurt beteiligen sich Angestellte von Kaufland/
_cPhilipp Stepputtis
264 _c2023
653 _aFrankfurt (Oder)
653 _aArbeitsniederlegung
653 _aKaufland
773 0 _g34. Jahrgang (2023) Nr. 252 vom 28.10.2023, S. 19: Foto
_tMärkische Oderzeitung
942 _2z
_cA
999 _c372812
_d372812